| 000 | 00904nam a2200253Ia 4500 | ||
|---|---|---|---|
| 003 | OSt | ||
| 005 | 20220923224740.0 | ||
| 006 | a|||||r|||| 00| 0 | ||
| 007 | ta | ||
| 008 | 220922b |||||||| |||| 00| 0 hin d | ||
| 024 | _a249,471 | ||
| 037 | _cTextual | ||
| 040 |
_aARTS _cARTS _bhin |
||
| 041 |
_2hin _ahin |
||
| 082 | _aO15171,1:g, J8 | ||
| 100 |
_aसिंह, दुर्गाशंकर प्रसाद _9158651 |
||
| 245 | 0 | _aभोजपुरी के कवि और काव्य | |
| 246 | _aBhojapurī ke kavi aur kāvya | ||
| 260 |
_aपटना _b बिहार राष्ट्रभाषा परिषद् _c1958 |
||
| 300 |
_a319पृ. _ccm. |
||
| 650 |
_aभोजपुरी कविता _9156350 |
||
| 942 |
_hO15171,1:g, J8 _cTEXL _2CC |
||
| 999 |
_c373388 _d373388 |
||